| 000 | 00361nam a22001457a 4500 | ||
|---|---|---|---|
| 008 | 160524b xxu||||| |||| 00| 0 eng d | ||
| 020 | _a9780073126678 | ||
| 020 | _a0073126675 | ||
| 020 | _a9780073268705 | ||
| 020 | _a0073268704 | ||
| 041 | _aeng | ||
| 080 | _a316.77 | ||
| 245 |
_aThe dynamics of mass communications: _cJoseph R. Dominick; |
||
| 942 |
_2udc _cBK |
||
| 999 |
_c2413 _d2413 |
||